Normal view
MARC view
- J.Y. Corey E.R. Corey, P.P. Gaspar
Entry Personal Name
001 - CONTROL NUMBER
- control field: 134304
003 - CONTROL NUMBER IDENTIFIER
- control field: NUST
005 - DATE AND TIME OF LATEST TRANSACTION
- control field: 20260430123234.0
008 - FIXED-LENGTH DATA ELEMENTS
- fixed length control field: 260430|| aca||aabn | a|a d
040 ## - CATALOGING SOURCE
- Original cataloging agency: NUST
- Transcribing agency: NUST
100 ## - HEADING--PERSONAL NAME
- Personal name: J.Y. Corey E.R. Corey, P.P. Gaspar
670 ## - SOURCE DATA FOUND
- Source citation: Work cat.: (NUST): J.Y. Corey 134302, Silicon Chemistry , 1988
